000 00669nam a2200253Ia 4500
003 OSt
005 20221005031455.0
006 a|||||r|||| 00| 0
007 ta
008 221004b |||||||| |||| 00| 0 tam d
020 _c07
024 _a64186
037 _cTextual
040 _aCRL
_cCRL
_btam
041 _2tam
_atam
082 _aO31,1M82:g(P), J3
100 _aThooran Pe. Au.
_9583772
245 0 _aBharathi Thamizh
260 _aChennai
_bAmutha Nilayam Limited Chennai
_c1953
300 _a612p.
_ccm.
650 _aTAMIL LITERATURE
942 _hO31,1M82:g(P), J3
_cTEXL
_2cc
999 _c937830
_d937830